| 000 | 01815nam a2200373 4500 | ||
|---|---|---|---|
| 003 | EC-UNACH | ||
| 005 | 20250512160033.0 | ||
| 006 | s||||gr|||| 00| 00 | ||
| 008 | 150116t9999 mx r gr 000 0 spa d | ||
| 020 | _a10121498 | ||
| 040 |
_aEC-UNACH _cEC-UNACH |
||
| 041 | _aspa | ||
| 082 | 0 | 4 |
_223 _a300 _bL017720 |
| 110 | _aCentro Andino de Acción Popular (CAAP) | ||
| 245 | _aEcuador Debate N°62. La Contradictoria Legitimidad de la Democracia | ||
| 250 | _aPrimera edición | ||
| 264 |
_aQuito - Ecuador _bCAAP _c2024 |
||
| 300 |
_a284 _bTablas, Cuadros _c14,5 X 21 cm |
||
| 505 | _aCoyuntura.- Fuerzas Armadas Ecuatorianas, 2004. Los desafíos del sistema multilateral después del 11-5. Conflictividad socio-política: marzo - junio 2004. -- Tema Central.- Por qué se deslegitima la democracia? El desorden democrático. Antipolítica, representación y participación ciudadana. La legitimidad para unos es ilegitimidad para otros. Bolivia: La erosión del pacto democrático. Credibilidad política e ilusiones democráticas. Proceso decisorio y democracia. -- Debate Agrario-Rural.- El mercado de tierras en Cotacachi. -- Análisis.- El eterno retorno del populismo. La emergencia de outsiders en la región andina. La reelección legislativa en Ecuador. La Agenda 21 y las perspectivas de cooperación | ||
| 650 | _aANTIPOLÍTICA | ||
| 650 | _aCOTACACHI | ||
| 650 | _aAGENDA 21 | ||
| 650 | _aREELECCIÓN ECUADOR | ||
| 650 | _aFUERZAS ARMADAS ECUATORIANAS | ||
| 700 | _aPérez Enríquez, Diego | ||
| 700 | _aGonzález Bustelo, Mabel | ||
| 700 | _aMontúfar, César | ||
| 700 | _aAndrade, Pablo | ||
| 942 |
_2ddc _c1 |
||
| 999 | _c13496 | ||